000 00310nam a2200133Ia 4500
008 191201s2013 xx 000 0 und d
100 _aSADHU ,Singh
245 0 _aStrength of Materials
250 _aRep
260 _c2013
_bKhanna Publisher
_aNew Delhi
300 _a1210
650 _aCIVIL
942 _2ddc
_cBB
999 _c7604
_d7604